00775nam a22002292 4500001001100000005001700011008004100028040001500069111010400084245010700188250001300295260006000308300002000368650005000388700002800438700003000466700003700496852000300533852000300536852000300539852000300542000001880520151217155900.0100707s xx 000 0 eng d aKABUcKABU2 aAll Africa Crop Science Congress cPretoria, South Africa :d1997 January 13-17 :n1st.@000017821910aAfrican Crop Science Conference proceedings /ceditors, E. Adipala, J. S. Tenywa, M. W. Ogenga-Latigo. a1st ed. aKampala, Uganda :bAfrican Crop Science Society,c1997. av 3 in 3 parts. 0aCrop sciencevCongresseszAfrica.@00001782201 aAdipala, E.@00001782211 aTenywa, J. S.@00001781321 aOgenga-Latigo, M. W.@00001782221 1 1 1